جلتے بجھتے چر ا غ (Record no. 188199)

MARC details
000 -LEADER
fixed length control field 00669nam a22001937a 4500
005 - DATE AND TIME OF LATEST TRANSACTION
control field 20220512124202.0
010 ## - LCCN (DPL NO)
LC control number UR-11554
020 ## - INTERNATIONAL STANDARD BOOK NUMBER
Terms of availability 250.00
International Standard Book Number -
035 ## - SYSTEM CONTROL NUMBER
System control number U-10109
037 ## - SOURCE OF ACQUISITION
Source of stock number/acquisition DBAD/PUB
Stock number -
082 ## - DEWEY DECIMAL CLASSIFICATION NUMBER
Classification number ک
Edition number Ist
100 ## - MAIN ENTRY--PERSONAL NAME
Personal name سا و تر ی گو سو ا می
245 ## - TITLE STATEMENT
Title جلتے بجھتے چر ا غ
Statement of responsibility, etc سا و تر ی گو سو ا می
Medium ا ر د و
246 ## - VARYING FORM OF TITLE
Remainder of title Jalte Bujhte Chiragh (Urdu)
Title proper/short title by Savitri Goswami
260 ## - PUBLICATION, DISTRIBUTION, ETC. (IMPRINT)
Place of publication, distribution, etc Pune
Name of publisher, distributor, etc Asbaque Publications
Date of publication, distribution, etc 2022 ء
270 ## - ADDRESS
Address Saira Manzil, 230/B/102,Viman Darshan, Sanjay Park,Lohbaon Road,
City Pune
Postal code 411032
Telephone number 9822516338
Fax number -
300 ## - PHYSICAL DESCRIPTION
Extent 144 ص
Dimensions 22 Cm(Hb)
942 ## - ADDED ENTRY ELEMENTS (KOHA)
Source of classification or shelving scheme Dewey Decimal Classification
Item type Urdu Bks
Classification part ک
Call number suffix گ و س
Holdings
Withdrawn status Lost status Not for loan Collection code Home library Current library Date acquired Source of acquisition Cost, normal purchase price Full call number Barcode Copy number Cost, replacement price Koha item type
    Not For Loan Fiction D.B.Act.Division Central Library 12/05/2022 DBAD/PUB 250.00 ک گ و س U-10109 1 250.00 Urdu Bks

© Delhi Public Library
Hit Counter
free hit counter